000
00348pam a2200157a 44500
008
230515b1995 xxu||||| |||| 00| 0 eng d
020
_a
NULL
041
_a
ENGLISH
082
_a
611
100
_a
ROBERT M H
245
_a
MCMINNS FUNCTIONAL AND CLINICAL ANATOMY
250
_a
0
260
_a
_b
MOSBEY
_c
1995
300
_a
362
650
_a
NULL
999
_c
528297
_d
528297